LEADER 01195nam a2200289 u 4500 001 000000010193 003 CaOOAMICUS 005 20070226105305.0 008 941123s1940 gw u000 u fre u 035 $a10252469 040 $aPUL(R)$bita 100 1 $aEdsman, Carl-Martin,$d1911-$0(OLS)http://pul/name/10059 245 13$aLe baptême de feu /$cpar Carl-Martin Edsman. 260 $aLeipzig :$bA. Lorentz ;$aUppsala :$bLundequistska bokhandeln,$c1940. 300 $a237 p. ;$c25 cm 490 1 $aActa Seminarii Neotestamentici Upsaliensis ;$v9 500 $aContiene indici. 504 $aBibliografia: p. 202-222 650 4$aEscatologia$xDottrine$xStoria$yEvo antico.$0(OLS)http://pul/subject/714 830 0$aActa Seminarii Neotestamentici Upsaliensis ;$v9.$0(OLS)http://pul/title/6868 850 $aPUL 852 $aPUL$W1$xDP2 Religione 1$y63$m67 G 21$j14523$nBK-PRI$qStampati$B14523$CPULBib$Z2$F14523 $82 941 1 $a8 961 $aINV: 28487 996 $6245$aLe baptême de feu$9(OLS)http://pul/title/14904 996 $6260$aLeipzig :$bA. Lorentz$9(OLS)http://pul/publisher/50628 996 $6260$aUppsala :$bLundequistska bokhandeln$9(OLS)http://pul/publisher/52780 LEADER 01450nam a2200337 u 4500 001 000000005190 003 CaOOAMICUS 005 20070226104732.0 008 940926s1968 it u000 u ita u 035 $a10137210 040 $aPUL(R)$bita 041 1 $aita$hgrc 100 0 $aHerodianus Syrus,$dc.170-c.255.$0(OLS)http://pul/name/5405 240 10$aAb excessu divi Marci.$lItaliano.$0(OLS)http://pul/title/7591 245 10$aStoria dell'Impero romano dopo Marco Aurelio /$cErodiano ; testo e versione a cura di Filippo Cassola. 260 $aFirenze :$bSansoni,$c1968. 300 $axxiii, 419 p. ;$c21 cm 490 1 $aClassici della storia antica 500 $aInclude indici. 503 $aTranslation of [T?s meta Markon basileias histori?n] 504 $aBibliography: p. [xxi]-xxiii. 651 0$aRome$xHistory$yEmpire, 30 B.C.-284 A.D.$2//eng$0(OLS)http://pul/subject/3592 700 1 $aCàssola, Filippo.$0(OLS)http://pul/name/5406 830 0$aClassici della storia antica.$0(OLS)http://pul/title/7593 850 $aPUL 852 $aPUL$W1$xDP1 Fondo Ciprotti$y59$m1538 D 20$j7270$nBK-PRI$b $qFondi$B7270$CPULBib$Z2$F7270 $H $81 900 $aErodiano,$dc. 170- c. 255$95405 941 1 $a1 961 $aINV: Fondo Ciprotti 996 $6245$aStoria dell'Impero romano dopo Marco Aurelio$9(OLS)http://pul/title/7592 996 $6260$aFirenze :$bSansoni$9(OLS)http://pul/publisher/47896